000
00188nam a2200097 4500
082
_a
NOV
100
_a
Novell Application
245
_a
Presentations Graphics
260
_c
1990.
942
_c
BK
999
_c
9276
_d
9276